000 00343 a2200157 4500
001 185942
020 _a85-16-00943-2
040 _cMagnum
100 _aAlbergaria, Lino de
240 1 0 _aUm anjo no jardim
_lpor
245 1 0 _aUm anjo no jardim
300 _a46
440 1 _aModerna
697 _aLITERATURA INFANTO-JUVENIL
942 _cBK
999 _c185942
_d185942